[Event "Nova Gorica op 28th"]
[Site "Nova Gorica"]
[Date "2024.01.27"]
[Round "3"]
[White "Privitera, Franco"]
[Black "Mazzi, Leonardo"]
[Result "1/2-1/2"]
[WhiteElo "1919"]
[BlackElo "1647"]
[PlyCount "30"]
[EventDate "2024.01.26"]
[EventType "swiss"]
[EventRounds "9"]
[EventCountry "SLO"]
[SourceTitle "CB06_2024"]
[SourceDate "2024.02.07"]
[SourceVersion "1"]
[SourceVersionDate "2024.02.07"]
[SourceQuality "1"]

1. Nf3 d5 2. b3 Nf6 3. Bb2 Bf5 4. e3 e6 5. Ne5 Nbd7 6. Be2 Bd6 7. f4 h6 8. Na3 c6 9. c4 a5 10. 0-0 Qb8 11. Nxd7 Kxd7 12. Nc2 Ke7 13. Nd4 Bh7 14. Nf3 a4 15. Be5 Bxe5 1/2-1/2

[Event "Nova Gorica op 27th"]
[Site "Nova Gorica"]
[Date "2023.03.23"]
[Round "9"]
[White "Piddubna, Bozhena"]
[Black "Mazzi, Leonardo"]
[Result "1-0"]
[WhiteElo "2015"]
[BlackElo "1766"]
[PlyCount "77"]
[EventDate "2023.03.16"]
[EventType "swiss"]
[EventRounds "9"]
[EventCountry "SLO"]
[SourceTitle "CBM 213 Extra"]
[Source "ChessBase"]
[SourceDate "2023.05.31"]
[SourceVersion "1"]
[SourceVersionDate "2023.05.31"]
[SourceQuality "1"]

1. c4 c5 2. Nc3 Nf6 3. Nf3 Nc6 4. g3 g6 5. Bg2 Bg7 6. d4 cxd4 7. Nxd4 0-0 8. Nc2 d6 9. b3 Ne4 10. Nxe4 Bxa1 11. Nxa1 Qa5+ 12. Bd2 Qxa2 13. 0-0 Qa6 14. Bh6 Rd8 15. Nc2 Qb6 16. Ne3 Qd4 17. Qc1 Qh8 18. Ng5 Nd4 19. Qd1 Rb8 20. Nf3 Nf5 21. Nxf5 Bxf5 22. Nd4 Bd7 23. f4 Rdc8 24. Qd3 Bc6 25. Bh3 f5 26. e4 e6 27. Nxc6 Rxc6 28. exf5 gxf5 29. Bxf5 Qf6 30. Bxh7+ Kf7 31. Bg5 Qg7 32. Be4 Ra6 33. h4 Qb2 34. Bf3 Qg7 35. f5 e5 36. Bh5+ Kf8 37. f6 Qc7 38. Bh6+ Kg8 39. Qg6+ 1-0

[Event "Nova Gorica op 27th"]
[Site "Nova Gorica"]
[Date "2023.03.16"]
[Round "1"]
[White "Juvan, Vid"]
[Black "Mazzi, Leonardo"]
[Result "0-1"]
[WhiteElo "1570"]
[BlackElo "1766"]
[PlyCount "44"]
[EventDate "2023.03.16"]
[EventType "swiss"]
[EventRounds "9"]
[EventCountry "SLO"]
[SourceTitle "CBM 213 Extra"]
[Source "ChessBase"]
[SourceDate "2023.05.31"]
[SourceVersion "1"]
[SourceVersionDate "2023.05.31"]
[SourceQuality "1"]

1. e4 c5 2. Nf3 d6 3. Bb5+ Bd7 4. Bxd7+ Qxd7 5. 0-0 Nc6 6. c3 Nf6 7. Qe2 e6 8. d4 cxd4 9. cxd4 Be7 10. Nc3 0-0 11. Rd1 a6 12. d5 Ne5 13. Nxe5 dxe5 14. b3 Bc5 15. Qc4 Bd4 16. dxe6 fxe6 17. Qe2 Qc6 18. Bb2 Bxc3 19. Rac1 Nxe4 20. Bxc3 Nxc3 21. Qxe5 Rac8 22. Rc2 Qe4 0-1

[Event "Bassano del Grappa Vergani Cup"]
[Site "Bassano del Grappa"]
[Date "2023.02.03"]
[Round "4"]
[White "Maldonado Gonzales, Stefano"]
[Black "Mazzi, Leonardo"]
[Result "1-0"]
[WhiteElo "2092"]
[BlackElo "1814"]
[PlyCount "79"]
[EventDate "2023.02.01"]
[EventType "swiss"]
[EventRounds "9"]
[EventCountry "ITA"]
[SourceTitle "CBM 212 Extra"]
[Source "ChessBase"]
[SourceDate "2023.03.31"]
[SourceVersion "1"]
[SourceVersionDate "2023.03.31"]
[SourceQuality "1"]

1. e4 c5 2. Nf3 d6 3. d4 cxd4 4. Nxd4 Nf6 5. Nc3 a6 6. h3 e5 7. Nde2 Be7 8. g4 Be6 9. Bg2 h5 10. g5 Nfd7 11. h4 Nc6 12. Be3 Rc8 13. Nd5 b5 14. c3 Bxd5 15. exd5 Na5 16. b3 Nb7 17. Qd2 g6 18. f4 exf4 19. Nxf4 Ne5 20. Bd4 0-0 21. 0-0 Qd7 22. Bxe5 dxe5 23. Bh3 Bc5+ 24. Kh2 Qd6 25. Bxc8 exf4 26. Bxb7 Be3 27. Qc2 Qd7 28. Bc6 Qg4 29. Qg2 Qxh4+ 30. Qh3 Qxg5 31. a4 Qe5 32. axb5 g5 33. Bd7 f3+ 34. Kh1 f2 35. Qg2 Qf4 36. Ra4 Qd6 37. Re4 Qb6 38. Qg3 f5 39. Qxe3 Qxe3 40. Rxe3 1-0

[Event "Bassano del Grappa Vergani Cup"]
[Site "Bassano del Grappa"]
[Date "2023.02.02"]
[Round "2"]
[White "Ceres, Dragos"]
[Black "Mazzi, Leonardo"]
[Result "1-0"]
[WhiteElo "2409"]
[BlackElo "1814"]
[PlyCount "101"]
[EventDate "2023.02.01"]
[EventType "swiss"]
[EventRounds "9"]
[EventCountry "ITA"]
[SourceTitle "CBM 212 Extra"]
[Source "ChessBase"]
[SourceDate "2023.03.31"]
[SourceVersion "1"]
[SourceVersionDate "2023.03.31"]
[SourceQuality "1"]

1. e4 c5 2. Nf3 d6 3. d4 cxd4 4. Nxd4 Nf6 5. Nc3 a6 6. f3 e5 7. Nb3 Be7 8. Be3 h5 9. Qd2 Be6 10. Nd5 Nxd5 11. exd5 Bf5 12. Be2 Nd7 13. c4 a5 14. a3 h4 15. 0-0 a4 16. Nc1 g5 17. Na2 b6 18. Nb4 Nc5 19. Nc6 Qc7 20. Rae1 f6 21. Bxc5 bxc5 22. Bd3 Bd7 23. Bc2 Bxc6 24. dxc6 Rf8 25. Qd1 Qa5 26. Qd5 Qc7 27. Rb1 Ra6 28. b4 cxb4 29. Rxb4 Ra5 30. Rb7 Rxd5 31. Rxc7 Rc5 32. Bg6+ Rf7 33. Rc8+ Bd8 34. Rd1 Ke7 35. Rxd8 Kxd8 36. Bxf7 Rxc6 37. Rb1 Rc7 38. Bd5 Ke7 39. Rb4 Ra7 40. Kf2 f5 41. h3 Kf6 42. Ke3 Ra6 43. Rb7 Kg6 44. Kd3 g4 45. hxg4 fxg4 46. fxg4 Kg5 47. Ke4 Kxg4 48. Rg7+ Kh5 49. Kf5 Kh6 50. Rg6+ Kh7 51. Rg4 1-0

[Event "Anti Cheating Blitz Cup"]
[Site "Chess.com INT"]
[Date "2020.05.20"]
[Round "5"]
[White "Mazzi, Leonardo"]
[Black "Casella, Bruno"]
[Result "0-1"]
[WhiteElo "1256"]
[BlackElo "1544"]
[PlyCount "138"]
[EventDate "2020.05.20"]
[EventType "swiss (blitz)"]
[EventRounds "11"]
[EventCountry "USA"]
[SourceTitle "CBM 196 Extra"]
[Source "ChessBase"]
[SourceDate "2020.07.31"]
[SourceVersion "1"]
[SourceVersionDate "2020.07.31"]
[SourceQuality "1"]

1. e4 c6 2. d4 d5 3. exd5 cxd5 4. Bd3 Nf6 5. c3 e6 6. Nf3 Nc6 7. Bf4 Bd6 8. Ne5 Bxe5 9. dxe5 Nd7 10. Qe2 Qc7 11. Nd2 Ndxe5 12. Bb5 f6 13. Nf3 Nxf3+ 14. Qxf3 e5 15. Bg3 Be6 16. Rd1 0-0 17. 0-0 a6 18. Ba4 b5 19. Bb3 Ne7 20. Bxd5 Bxd5 21. Rxd5 Nxd5 22. Qxd5+ Kh8 23. f4 Rfd8 24. Qe6 Qc5+ 25. Bf2 Qd5 26. Qf5 exf4 27. Qxf4 Qxa2 28. Bd4 Qf7 29. h3 Rf8 30. Rf3 a5 31. Rg3 b4 32. cxb4 axb4 33. Bc5 Rfb8 34. Bxb4 Qa7+ 35. Kh2 Qb7 36. Bd6 Qxb2 37. Qg4 g6 38. Bxb8 Qxb8 39. Qh4 Ra3 40. Qg4 Qxg3+ 41. Qxg3 Rxg3 42. Kxg3 Kg7 43. h4 Kh6 44. Kf4 Kh5 45. g3 g5+ 46. hxg5 fxg5+ 47. Kf5 h6 48. g4+ Kh4 49. Kg6 Kxg4 50. Kxh6 Kh4 51. Kg6 g4 52. Kf5 g3 53. Ke4 g2 54. Ke5 g1Q 55. Ke4 Qf1 56. Ke5 Kg4 57. Ke4 Qf4+ 58. Kd5 Kf5 59. Kc6 Qd2 60. Kc7 Ke5 61. Kc6 Qd6+ 62. Kb5 Qc7 63. Kb4 Kd5 64. Kb3 Kd4 65. Kb2 Kd3 66. Kb1 Kd2 67. Ka2 Qb7 68. Ka3 Kc3 69. Ka2 Qb2# 0-1